LDR 00875naa#a2200169#i#450# 001 RU\\bibl\124055 005 20260607081531.7 011 ## _a2073-1574 100 ## _a20260529b2026####ek#y0rusy0150####ca 102 ## _aRU 200 1# _aОбоснование общей топологии и иерархии принятия решений в системе планирования транспортного обеспечения добывающих судов _eЖурнальная статья 210 1# _aАстрахань _cАстраханский государственный технический университет _d2026 215 ## _a6 с. 608 ## _aЖурнальная статья _2local 675 ## _aВиды перевозок. 656.614 _aрегулярные. 656.614.32 _z 700 #1 _aВальков _gВладимир Евгеньевич 856 4# _avestnik.astu.org _u